[Event "Ct. Catalunya eq. DH"]
[Site "?"]
[Date "2011.03.26"]
[Round "9.10"]
[White "Arza Garcia, R."]
[Black "Clopes Llahi, J."]
[Result "1/2-1/2"]
[WhiteElo "2098"]
[BlackElo "2198"]
[PlyCount "85"]
[EventDate "2011.??.??"]
[EventType "team"]

1. Nf3 d5 2. c4 dxc4 3. g3 c6 4. Bg2 Nf6 5. Na3 g6 6. Nxc4 Bg7 7. O-O O-O 8. d4
Na6 9. Bd2 Be6 10. Nce5 Ne4 11. Bc3 Nc7 12. Ba5 Qc8 13. Ne1 Nd6 14. N1d3 f6 15.
Nf3 Bf7 16. b3 Nd5 17. Rc1 Qd7 18. Re1 b6 19. Bd2 Ne4 20. Bb4 Nxb4 21. Nxb4 a5
22. Nd3 Rac8 23. e3 Rfd8 24. Qc2 c5 25. Nf4 Nd6 26. dxc5 Rxc5 27. Qd2 Rxc1 28.
Rxc1 e5 29. Ne2 Qe7 30. Rd1 Nb7 31. Qc2 Nc5 32. Rxd8+ Qxd8 33. Qd2 Qc7 34. Nc3
h6 35. e4 Bf8 36. Bf1 Qb7 37. Qe3 Kg7 38. Bc4 Bxc4 39. bxc4 Ne6 40. Nd5 Bc5 41.
Qb3 Qc6 42. Qb5 Nd8 43. h4 1/2-1/2

[Event "Ct. Catalunya eq. DH"]
[Site "?"]
[Date "2011.03.26"]
[Round "9.10"]
[White "Nin Serres, P."]
[Black "Gutierrez Manzano, J."]
[Result "0-1"]
[WhiteElo "1863"]
[BlackElo "2030"]
[PlyCount "68"]
[EventDate "2011.??.??"]
[EventType "team"]

1. d4 Nf6 2. c4 e5 3. d5 Bc5 4. Nc3 d6 5. Bg5 Bxf2+ 6. Kxf2 Ng4+ 7. Ke1 Qxg5 8.
Nf3 Qe3 9. Qd2 Qf2+ 10. Kd1 Ne3+ 11. Kc1 Nxf1 12. Qg5 Qe3+ 13. Kc2 Qxg5 14.
Nxg5 Ne3+ 15. Kd3 Ng4 16. Raf1 O-O 17. h3 Nh6 18. g4 Na6 19. a3 f5 20. Ne6 Bxe6
21. dxe6 Nc5+ 22. Kd2 Nxe6 23. Nd5 f4 24. b4 Rf7 25. Nc3 c6 26. Ne4 d5 27. cxd5
cxd5 28. Nc3 e4 29. Rd1 e3+ 30. Kd3 Rd7 31. Rhf1 g5 32. Na4 Nf7 33. Nc5 Ne5+
34. Kc3 Rc8 0-1

[Event "Ct. Catalunya eq. DH"]
[Site "?"]
[Date "2011.04.02"]
[Round "10.1"]
[White "Agrest, E."]
[Black "Narciso Dublan, M."]
[Result "1/2-1/2"]
[WhiteElo "2583"]
[BlackElo "2551"]
[PlyCount "49"]
[EventDate "2011.??.??"]
[EventType "team"]

1. Nf3 Nf6 2. c4 e6 3. Nc3 Bb4 4. Qc2 O-O 5. a3 Bxc3 6. Qxc3 b6 7. e3 Bb7 8.
Be2 Ne4 9. Qc2 Ng5 10. b3 Nxf3+ 11. gxf3 c5 12. Bb2 d5 13. cxd5 exd5 14. Rg1 d4
15. Qf5 Nc6 16. Rg3 Qd6 17. f4 Rad8 18. Qg5 g6 19. Qh6 Bc8 20. e4 Rfe8 21. f3
Qf8 22. Qh4 Qe7 23. Qh6 Qf8 24. Qh4 Qe7 25. Qh6 1/2-1/2

[Event "Ct. Catalunya eq. DH"]
[Site "?"]
[Date "2011.04.02"]
[Round "10.1"]
[White "Hernando Rodrigo, JA."]
[Black "Moskalenko, V."]
[Result "1/2-1/2"]
[WhiteElo "2386"]
[BlackElo "2601"]
[PlyCount "52"]
[EventDate "2011.??.??"]
[EventType "team"]

1. d4 e6 2. c4 f5 3. g3 Nf6 4. Bg2 d5 5. Nf3 c6 6. O-O Bd6 7. Bf4 Bxf4 8. gxf4
O-O 9. Ne5 Nbd7 10. Qc2 Ne4 11. Nc3 Qe7 12. e3 Nxe5 13. dxe5 Bd7 14. cxd5 cxd5
15. Nxe4 fxe4 16. Qc7 Rab8 17. Rac1 Rfc8 18. Qa5 a6 19. Rc7 Qd8 20. Rfc1 Bc6
21. Rxc8 Rxc8 22. Qb4 Qf8 23. Qd4 Qf5 24. Qd1 Rf8 25. h4 Be8 26. Rc8 Bc6
1/2-1/2

[Event "Ct. Catalunya eq. DH"]
[Site "?"]
[Date "2011.04.02"]
[Round "10.1"]
[White "Muñoz Pantoja, M."]
[Black "Quesada Perez, Y."]
[Result "1/2-1/2"]
[WhiteElo "2533"]
[BlackElo "2586"]
[PlyCount "84"]
[EventDate "2011.??.??"]
[EventType "team"]

1. g3 d5 2. Bg2 c6 3. Nf3 Bg4 4. O-O Nd7 5. d3 Ngf6 6. h3 Bh5 7. Qe1 e6 8. e4
dxe4 9. dxe4 Bxf3 10. Bxf3 e5 11. Bg2 Bc5 12. a4 O-O 13. Na3 Re8 14. b4 Bf8 15.
Nc4 Nb6 16. Na5 Qc7 17. Be3 Nfd7 18. Qc3 a6 19. Rfd1 c5 20. bxc5 Nxc5 21. Nb3
Rac8 22. Nxc5 Bxc5 23. Qxc5 Qxc5 24. Bxc5 Rxc5 25. Rdb1 Re6 26. a5 Nc4 27. Rxb7
g6 28. Bf1 Nxa5 29. Rd7 Nc6 30. c4 Nb4 31. Rad1 Ra5 32. Rb1 Nc6 33. c5 Rxc5 34.
Bxa6 Nd4 35. Bd3 Rc3 36. Rd1 Rf6 37. Kg2 Kg7 38. Re7 Rf3 39. Bb1 Nc6 40. Rc7
Nd4 41. Re7 Nc6 42. Rc7 Nd4 1/2-1/2

[Event "Ct. Catalunya eq. DH"]
[Site "?"]
[Date "2011.04.02"]
[Round "10.2"]
[White "Cuartas Medina, JA."]
[Black "Magem Badals, J."]
[Result "1/2-1/2"]
[WhiteElo "2537"]
[BlackElo "2573"]
[PlyCount "153"]
[EventDate "2011.??.??"]
[EventType "team"]

1. e4 d5 2. exd5 Qxd5 3. Nc3 Qd6 4. d4 Nf6 5. Nf3 g6 6. Nb5 Qb6 7. Bf4 Nd5 8.
Bd2 c6 9. Na3 Bg7 10. Nc4 Qc7 11. c3 O-O 12. Be2 c5 13. dxc5 Qxc5 14. O-O Rd8
15. Qb3 Qc7 16. Rad1 Nc6 17. Bc1 Nf4 18. Rxd8+ Nxd8 19. Bxf4 Qxf4 20. Rd1 Be6
21. Nd4 Bxd4 22. Rxd4 Qc7 23. Rd1 Nc6 24. Qb5 Rd8 25. Rxd8+ Nxd8 26. b3 Nc6 27.
Qc5 b6 28. Qe3 Qd7 29. Nd2 Qd6 30. Ne4 Qe5 31. f4 Qc7 32. Ng5 Bc8 33. Bc4 Nd8
34. Qd4 h6 35. Nf3 Be6 36. Bd3 Nc6 37. Qe3 Qd6 38. h3 Bf5 39. Bxf5 gxf5 40. Qd2
Qxd2 41. Nxd2 f6 42. Nc4 Kf7 43. Ne3 e6 44. Kf2 Ne7 45. Nd1 e5 46. c4 Ng6 47.
fxe5 fxe5 48. Nc3 Ke6 49. g3 Ne7 50. b4 Nc6 51. a3 Nd4 52. Nd5 Nc2 53. a4 Na3
54. Nc7+ Kd7 55. Nb5 Nxc4 56. Nxa7 Nb2 57. a5 bxa5 58. bxa5 Nc4 59. Nb5 Nxa5
60. g4 f4 61. Nc3 Ke6 62. h4 Nc4 63. Ke2 Nb6 64. Kf3 Nc4 65. Ke2 Ne3 66. Kf3
Nf1 67. Kg2 Nd2 68. Kf2 e4 69. Ke2 e3 70. g5 hxg5 71. hxg5 Nb3 72. g6 Nd4+ 73.
Kd3 e2 74. Nxe2 Nxe2 75. Kxe2 Kf6 76. Kf3 Kxg6 77. Kxf4 1/2-1/2

[Event "Ct. Catalunya eq. DH"]
[Site "?"]
[Date "2011.04.02"]
[Round "10.2"]
[White "Leon Hoyos, M."]
[Black "Pablo Mari, A."]
[Result "1/2-1/2"]
[WhiteElo "2547"]
[BlackElo "2458"]
[PlyCount "154"]
[EventDate "2011.??.??"]
[EventType "team"]

1. c4 g6 2. Nc3 Bg7 3. d4 d6 4. e4 Nf6 5. f3 O-O 6. Nge2 e5 7. Bg5 exd4 8. Nxd4
Nc6 9. Nc2 h6 10. Be3 Be6 11. Qd2 Nd7 12. Be2 Nde5 13. b3 f5 14. O-O f4 15.
Bxf4 Nxc4 16. bxc4 Bxc3 17. Qxc3 Rxf4 18. c5 Qg5 19. cxd6 cxd6 20. Rab1 Rf7 21.
Rb5 Ne5 22. Qe3 Qxe3+ 23. Nxe3 Rc7 24. Rd1 Nf7 25. a4 Rac8 26. Kf2 b6 27. a5
bxa5 28. Rxa5 Rb8 29. Rd2 Kf8 30. Nc2 Ke7 31. Nd4 Bd7 32. Rda2 Rb4 33. Nc2 Rbb7
34. Nd4 Rb4 35. Ke3 Rc3+ 36. Kd2 Rc5 37. Nc2 Rxa5 38. Rxa5 Rb7 39. Ba6 Rc7 40.
Nb4 Be6 41. f4 Nd8 42. Be2 Rb7 43. Bb5 Kf6 44. h4 h5 45. g3 Rc7 46. Nc2 Rc5 47.
Nd4 Bc4 48. e5+ dxe5 49. Ra6+ Be6 50. fxe5+ Kxe5 51. Nf3+ Kf6 52. Bd3 Rc6 53.
Rxa7 Rd6 54. Ke3 Bf5 55. Bb5 Rb6 56. Bc4 Be6 57. Bd3 Nc6 58. Ra8 Rb3 59. Nd2
Rb8 60. Ra6 Nb4 61. Ne4+ Ke5 62. Ra5+ Nd5+ 63. Kd2 Rb2+ 64. Kc1 Rg2 65. Ng5 Bf5
66. Nf3+ Kd6 67. Ra6+ Kc5 68. Ra5+ Kd6 69. Bxf5 gxf5 70. Nd4 Ne3 71. Nxf5+ Nxf5
72. Rxf5 Rxg3 73. Rxh5 Ke6 74. Kd2 Kf6 75. Ke2 Kg6 76. Kf2 Kxh5 77. Kxg3 Kh6
1/2-1/2

[Event "Ct. Catalunya eq. DH"]
[Site "?"]
[Date "2011.04.02"]
[Round "10.2"]
[White "Oms Pallisse, J."]
[Black "Moreno Sanchis, A."]
[Result "1/2-1/2"]
[WhiteElo "2562"]
[BlackElo "2372"]
[PlyCount "60"]
[EventDate "2011.??.??"]
[EventType "team"]

1. Nf3 g6 2. d4 Bg7 3. c4 d6 4. Nc3 Nd7 5. e4 e5 6. Be2 Ngf6 7. O-O O-O 8. Qc2
h6 9. Rd1 exd4 10. Nxd4 Re8 11. Be3 Nc5 12. f3 a5 13. Nb3 Qe7 14. Nxc5 dxc5 15.
Nd5 Nxd5 16. cxd5 b6 17. Qd2 Qe5 18. Rab1 g5 19. Bb5 Re7 20. d6 cxd6 21. Qxd6
Rb8 22. Qd8+ Kh7 23. Rd6 Re6 24. Rd5 Bb7 25. Rxe5 Rxd8 26. Rxe6 fxe6 27. Bc4
Bc8 28. Kf1 Bd4 29. Rd1 e5 30. Bxd4 Rxd4 1/2-1/2

[Event "Ct. Catalunya eq. DH"]
[Site "?"]
[Date "2011.04.02"]
[Round "10.3"]
[White "Almeida Quintana, O."]
[Black "Lariño Nieto, D."]
[Result "1/2-1/2"]
[WhiteElo "2576"]
[BlackElo "2475"]
[PlyCount "75"]
[EventDate "2011.??.??"]
[EventType "team"]

1. d4 Nf6 2. c4 g6 3. Nc3 Bg7 4. e4 d6 5. f3 O-O 6. Bg5 h6 7. Be3 e5 8. Nge2
Nbd7 9. Qd2 a6 10. d5 Kh7 11. g4 Ng8 12. h4 f5 13. exf5 gxf5 14. gxf5 Ndf6 15.
Ng3 Qe8 16. Bd3 Kh8 17. h5 Bd7 18. Nce4 b5 19. b3 Qe7 20. Rd1 c6 21. Nxf6 Rxf6
22. dxc6 Bxc6 23. Be4 Rc8 24. Rg1 bxc4 25. bxc4 Qf8 26. Rb1 Be8 27. Bd5 Ne7 28.
Be6 Rxe6 29. fxe6 Rxc4 30. Qxd6 Bb5 31. Rb3 e4 32. fxe4 Qf6 33. Kd2 Rc8 34. Bc5
Qg5+ 35. Be3 Qf6 36. Bc5 Qg5+ 37. Be3 Qf6 38. Bc5 1/2-1/2

[Event "Ct. Catalunya eq. DH"]
[Site "?"]
[Date "2011.04.02"]
[Round "10.3"]
[White "Fluvia Poyatos, Joan"]
[Black "Gonzalez Rodriguez, JA."]
[Result "0-1"]
[WhiteElo "2472"]
[BlackElo "2418"]
[PlyCount "86"]
[EventDate "2011.??.??"]
[EventType "team"]

1. e4 e6 2. d4 d5 3. Nc3 Bb4 4. e5 b6 5. a3 Bxc3+ 6. bxc3 Qd7 7. Qg4 f5 8. Qg3
Nc6 9. Nh3 Bb7 10. Nf4 O-O-O 11. h4 Qf7 12. h5 Nh6 13. Be2 Rdg8 14. Nh3 Na5 15.
Qh4 Qf8 16. Bg5 Kb8 17. Nf4 Bc8 18. f3 Nf7 19. h6 Nxg5 20. Qxg5 g6 21. g4 Qe8
22. Kd2 Rf8 23. Bd3 Nc4+ 24. Bxc4 dxc4 25. Rhf1 Rf7 26. Qh4 fxg4 27. fxg4 Rhf8
28. g5 c5 29. Rf2 cxd4 30. cxd4 c3+ 31. Ke3 Ba6 32. a4 Rf5 33. Nh3 Rxf2 34.
Nxf2 Qf7 35. Qg3 Qf5 36. Ne4 Bb7 37. Nf6 Rf7 38. Rc1 a5 39. Ke2 Ka7 40. Ke3 Bc6
41. Ke2 Bxa4 42. Qf3 Qxg5 43. Ne4 Bb5+ 0-1

[Event "Ct. Catalunya eq. DH"]
[Site "?"]
[Date "2011.04.02"]
[Round "10.3"]
[White "Minguez Rodriguez, R."]
[Black "Cruz Sanchez, C."]
[Result "0-1"]
[WhiteElo "2305"]
[BlackElo "2521"]
[PlyCount "66"]
[EventDate "2011.??.??"]
[EventType "team"]

1. e4 e6 2. d4 d5 3. Nc3 Bb4 4. e5 Ne7 5. a3 Bxc3+ 6. bxc3 c5 7. Qg4 Kf8 8. Nf3
Qa5 9. Bd2 Qa4 10. Be2 Qxc2 11. dxc5 Nbc6 12. O-O Nxe5 13. Nxe5 Qxd2 14. Rad1
Qxc3 15. Qh5 Ng6 16. Nxg6+ fxg6 17. Qh4 Bd7 18. Qf4+ Qf6 19. Qc7 Bc6 20. Rfe1
e5 21. Bg4 Re8 22. Rb1 Qe7 23. Qa5 h5 24. Be2 Kf7 25. Bb5 Rhf8 26. Qxa7 Ra8 27.
Qb6 Qf6 28. a4 e4 29. a5 Kg8 30. Rf1 Bxb5 31. Qxb5 Rf7 32. Rbd1 Qc6 33. Rb1 Rc7
{...ilegible} 0-1

[Event "Ct. Catalunya eq. DH"]
[Site "?"]
[Date "2011.04.02"]
[Round "10.3"]
[White "Pomes Marcet, J."]
[Black "Matnadze, A."]
[Result "0-1"]
[WhiteElo "2422"]
[BlackElo "2452"]
[PlyCount "64"]
[EventDate "2011.??.??"]
[EventType "team"]

1. d4 Nf6 2. c4 e6 3. Nc3 Bb4 4. e3 Nc6 5. Nge2 d5 6. a3 Be7 7. cxd5 exd5 8.
Nf4 Bf5 9. Qb3 Na5 10. Qa2 g5 11. Bd3 Bxd3 12. Nxd3 c6 13. O-O Bd6 14. e4 dxe4
15. Re1 Bxh2+ 16. Kxh2 Qxd4 17. Bxg5 O-O-O 18. Bxf6 Qxf6 19. Nxe4 Qh6+ 20. Kg1
Rxd3 21. b4 Nb3 22. Rad1 Rxd1 23. Rxd1 Qe6 24. Ng5 Qc4 25. Rb1 Rg8 26. Nxf7 Qg4
27. g3 Nd4 28. Nh6 Ne2+ 29. Kh2 Qh5+ 30. Kg2 Nf4+ 31. Kg1 Rg7 32. Re1 Qf3 0-1

[Event "Ct. Catalunya eq. DH"]
[Site "?"]
[Date "2011.04.02"]
[Round "10.4"]
[White "Grafl, F."]
[Black "Canal Oliveras, J."]
[Result "1-0"]
[WhiteElo "2419"]
[BlackElo "2318"]
[PlyCount "101"]
[EventDate "2011.??.??"]
[EventType "team"]

1. e4 e5 2. Ne2 Nf6 3. d4 exd4 4. e5 Ng4 5. Qxd4 d6 6. exd6 Qxd6 7. h3 Ne5 8.
Bf4 Nbc6 9. Qxd6 Bxd6 10. Nbc3 Be6 11. O-O-O O-O-O 12. Ne4 Be7 13. Rxd8+ Rxd8
14. N2c3 f5 15. Nd2 Ng6 16. Bh2 Bg5 17. Bd3 Nb4 18. g3 Nxd3+ 19. cxd3 Rxd3 20.
f4 Bf6 21. Kc2 Rd6 22. Re1 Bf7 23. Bg1 a6 24. Nf3 Re6 25. Rd1 Ne7 26. Ng5 Bxg5
27. fxg5 Nc6 28. b3 Re5 29. Kb2 Bh5 30. Rd2 b6 31. Bf2 Bf3 32. h4 g6 33. Bg1
Re1 34. Bf2 Re7 35. Rd3 Be4 36. Rd2 Nb4 37. Be3 Nd3+ 38. Kc2 Rd7 39. Kd1 Bf3+
40. Kc2 Be4 41. Kd1 c5 42. Ke2 Kc7 43. Rd1 Kc6 44. Nxe4 fxe4 45. Rf1 Ne5 46.
Rf6+ Rd6 47. Rf8 Rd3 48. Rf6+ Kb5 49. Re6 Ng4 50. a4+ Kb4 51. Rxe4+ 1-0

[Event "Ct. Catalunya eq. DH"]
[Site "?"]
[Date "2011.04.02"]
[Round "10.4"]
[White "Gual Pascual, A."]
[Black "Gardela Batlle, J."]
[Result "1-0"]
[WhiteElo "2538"]
[BlackElo "2274"]
[PlyCount "79"]
[EventDate "2011.??.??"]
[EventType "team"]

1. d4 d5 2. c4 c6 3. Nf3 e6 4. Nbd2 Nf6 5. g3 Nbd7 6. Bg2 Bd6 7. O-O O-O 8. Qc2
Qc7 9. e4 dxe4 10. Nxe4 Nxe4 11. Qxe4 c5 12. b4 cxb4 13. c5 Be7 14. Bf4 Qa5 15.
Rfb1 Nf6 16. Qe1 Nd5 17. Bd2 Qc7 18. Bxb4 Bd7 19. Ne5 Bc6 20. Ba5 Qc8 21. Qd2
Bf6 22. Nxc6 bxc6 23. Rb3 Rb8 24. Rab1 Rxb3 25. Rxb3 g6 26. h4 h5 27. Qd3 Kg7
28. Qc4 Re8 29. Bd2 Qc7 30. Be4 Rb8 31. Rf3 Rb2 32. Qd3 Rxa2 33. Kg2 Ra4 34.
Bxd5 exd5 35. Qe3 Bxd4 36. Qe8 Ra2 37. Bf4 Qa5 38. Be5+ Bxe5 39. Rxf7+ Kh6 40.
Qf8+ 1-0

[Event "Ct. Catalunya eq. DH"]
[Site "?"]
[Date "2011.04.02"]
[Round "10.4"]
[White "Vidarte Morales, A."]
[Black "Lopez Martinez, JM."]
[Result "1/2-1/2"]
[WhiteElo "2391"]
[BlackElo "2528"]
[PlyCount "106"]
[EventDate "2011.??.??"]
[EventType "team"]

1. d4 Nf6 2. c4 e6 3. Nc3 Bb4 4. Qc2 O-O 5. a3 Bxc3+ 6. Qxc3 d5 7. Nf3 dxc4 8.
Qxc4 b6 9. Bg5 Ba6 10. Qc2 Nbd7 11. e4 Bxf1 12. Kxf1 h6 13. Bxf6 Nxf6 14. Rd1
Qe8 15. g3 c5 16. Kg2 cxd4 17. Rxd4 Rc8 18. Qe2 Rc5 19. Rhd1 Qc6 20. e5 Nd5 21.
Qe4 Rc1 22. Rxc1 Qxc1 23. Rd2 Rc8 24. h4 b5 25. Qe2 Qc6 26. Kh2 Qb7 27. Rc2 Rc4
28. Rxc4 bxc4 29. Nd4 g6 30. Kg1 Kg7 31. Qc2 Nb6 32. Nb5 Qd5 33. a4 Qxe5 34.
Nxa7 Qa5 35. Nc6 Qxa4 36. Qc3+ f6 37. Nd4 e5 38. Nf3 Qd1+ 39. Kg2 Qd5 40. Kg1
g5 41. hxg5 hxg5 42. Qa3 Nc8 43. Nh2 Nd6 44. Qa7+ Kg6 45. Qd7 f5 46. Nf1 f4 47.
gxf4 exf4 48. Nh2 Qd1+ 49. Kg2 Qd5+ 50. Kg1 Qd1+ 51. Kg2 Qd5+ 52. Kg1 Qd1+ 53.
Kg2 Qd5+ 1/2-1/2

[Event "Ct. Catalunya eq. DH"]
[Site "?"]
[Date "2011.04.02"]
[Round "10.5"]
[White "Alexandrova, O."]
[Black "Trepat Herranz, J."]
[Result "1/2-1/2"]
[WhiteElo "2381"]
[BlackElo "2343"]
[PlyCount "71"]
[EventDate "2011.??.??"]
[EventType "team"]

1. d4 d5 2. c4 c6 3. e3 Nf6 4. Nc3 e6 5. Nf3 Nbd7 6. Qc2 Bd6 7. Bd3 O-O 8. O-O
h6 9. Rd1 Qe7 10. e4 dxe4 11. Nxe4 Nxe4 12. Bxe4 c5 13. dxc5 Bxc5 14. b3 Nf6
15. Bb2 Nxe4 16. Qxe4 b6 17. b4 Bb7 18. Qg4 f5 19. Qxg7+ Qxg7 20. Bxg7 Kxg7 21.
bxc5 Bxf3 22. gxf3 bxc5 23. Rd6 Kf6 24. Re1 Rfe8 25. Rc6 Rac8 26. Rexe6+ Rxe6
27. Rxc8 Ra6 28. Rxc5 Rxa2 29. f4 Rc2 30. Rc6+ Kg7 31. Kg2 a5 32. Rc5 Kg6 33.
Rc6+ Kg7 34. h4 h5 35. Rc5 Kg6 36. Rc6+ 1/2-1/2

[Event "Ct. Catalunya eq. DH"]
[Site "?"]
[Date "2011.04.02"]
[Round "10.5"]
[White "Alonso Rosell, A."]
[Black "Hernando Rodrigo, JM."]
[Result "1-0"]
[WhiteElo "2477"]
[BlackElo "2313"]
[PlyCount "79"]
[EventDate "2011.??.??"]
[EventType "team"]

1. Nf3 g6 2. g3 Nf6 3. Bg2 Bg7 4. O-O O-O 5. c4 c5 6. Nc3 Nc6 7. d4 cxd4 8.
Nxd4 d6 9. Nc2 Be6 10. b3 Qd7 11. Bb2 Bh3 12. Qd3 Ne5 13. Qd2 Rac8 14. Rad1
Bxg2 15. Kxg2 a6 16. f4 Qc6+ 17. Kg1 Qb6+ 18. e3 Ned7 19. Qg2 Qc7 20. Rfe1 b5
21. Nd4 Qb6 22. Nd5 Nxd5 23. cxd5 Nf6 24. Kh1 Rc7 25. e4 Rfc8 26. h3 Nh5 27. e5
Rc5 28. Nc6 Qb7 29. b4 Rxd5 30. Nxe7+ Qxe7 31. Rxd5 dxe5 32. a3 e4 33. Bxg7
Kxg7 34. Re5 Qa7 35. R5xe4 Rc3 36. Qb2 Nxg3+ 37. Kg2 Nxe4 38. Rxe4 Qb7 39.
Qxc3+ Kh6 40. Qf3 1-0

[Event "Ct. Catalunya eq. DH"]
[Site "?"]
[Date "2011.04.02"]
[Round "10.5"]
[White "Simon Padros, E."]
[Black "Alonso Moyano, J."]
[Result "0-1"]
[WhiteElo "2299"]
[BlackElo "2428"]
[PlyCount "58"]
[EventDate "2011.??.??"]
[EventType "team"]

1. e4 c5 2. c3 d5 3. exd5 Qxd5 4. d4 Nf6 5. Nf3 Bg4 6. Qa4+ Nc6 7. Nbd2 cxd4 8.
Nxd4 Bd7 9. Nc2 e5 10. Ne3 Qd6 11. Ne4 Nxe4 12. Qxe4 g6 13. Bc4 f5 14. Qd5
O-O-O 15. Qxd6 Bxd6 16. Bd5 Ne7 17. Bb3 Bc6 18. O-O Bc7 19. Re1 f4 20. Nf1 Nf5
21. g3 Rhf8 22. Bd2 g5 23. Be6+ Kb8 24. Bxf5 Rxf5 25. g4 Rf6 26. c4 Rh6 27. Bc3
Rh4 28. h3 Rxh3 29. Nh2 Rd6 0-1

[Event "Ct. Catalunya eq. DH"]
[Site "?"]
[Date "2011.04.02"]
[Round "10.5"]
[White "Tebar Moreno, JC."]
[Black "Vehi Bach, VM."]
[Result "0-1"]
[WhiteElo "2271"]
[BlackElo "2460"]
[PlyCount "80"]
[EventDate "2011.??.??"]
[EventType "team"]

1. e4 c5 2. Nf3 e6 3. Nc3 a6 4. g3 d6 5. Bg2 Nf6 6. e5 dxe5 7. Nxe5 Qc7 8. Nc4
Nc6 9. a4 e5 10. O-O Be6 11. Ne3 O-O-O 12. b3 h5 13. d3 h4 14. g4 h3 15. Bh1
Nb4 16. Qe2 Rh4 17. f3 Be7 18. Bd2 Nbd5 19. Ncxd5 Nxd5 20. Nxd5 Bxd5 21. Rab1
g6 22. Rfe1 f6 23. Be3 Rhh8 24. Qf2 f5 25. Rf1 Bh4 26. Qd2 Rdf8 27. b4 fxg4 28.
Bxc5 gxf3 29. Bf2 Rf4 30. Qe3 Rg4+ 31. Bg3 Bxg3 32. hxg3 e4 33. Qc5 Bc6 34. Kf2
Qxg3+ 35. Ke3 Qf4+ 36. Kd4 Rg5 37. Qe7 Re8 38. Qh7 Qe5+ 39. Ke3 exd3+ 40. Kxd3
Qe3+ 0-1

[Event "Ct. Catalunya eq. DH"]
[Site "?"]
[Date "2011.04.02"]
[Round "10.6"]
[White "Cruz Sanchez, JE."]
[Black "Garzon Sanchez, JM."]
[Result "1-0"]
[WhiteElo "2365"]
[BlackElo "2255"]
[PlyCount "73"]
[EventDate "2011.??.??"]
[EventType "team"]

1. d4 Nf6 2. c4 g6 3. Nc3 Bg7 4. e4 d6 5. Be2 O-O 6. Bg5 c5 7. d5 Qa5 8. Bd2 a6
9. a4 Nbd7 10. Nf3 Qc7 11. O-O Qb6 12. h3 Ne8 13. Bg5 Ne5 14. Nh4 Rb8 15. Qd2
Qd8 16. Rfe1 Nc7 17. Bf4 Bd7 18. Bg3 b5 19. cxb5 axb5 20. f4 Nc4 21. Bxc4 bxc4
22. e5 Rb3 23. Re2 Na6 24. f5 Nb4 25. f6 exf6 26. e6 Qc7 27. exd7 Nd3 28. Rb1
Qxd7 29. Nf3 Rfb8 30. Nb5 Rb6 31. Qa5 Qd8 32. Qa7 Ne5 33. Nxe5 fxe5 34. Bh4 f6
35. Rf1 g5 36. Be1 Rd3 37. Ba5 1-0

[Event "Ct. Catalunya eq. DH"]
[Site "?"]
[Date "2011.04.02"]
[Round "10.6"]
[White "Garcia Cano, A."]
[Black "Mellado Triviño, J."]
[Result "1/2-1/2"]
[WhiteElo "2287"]
[BlackElo "2422"]
[PlyCount "70"]
[EventDate "2011.??.??"]
[EventType "team"]

1. e4 d5 2. d3 dxe4 3. dxe4 Qxd1+ 4. Kxd1 Nc6 5. Be3 g6 6. Nc3 Be6 7. Nf3
O-O-O+ 8. Bd3 Bh6 9. Ke2 Bg4 10. h3 Bxf3+ 11. Kxf3 Bg7 12. Rab1 e6 13. Rhd1
Nge7 14. Ke2 Nd4+ 15. Ke1 Nec6 16. Bxd4 Bxd4 17. Ne2 Bb6 18. Ng1 Ne5 19. Be2
Nd7 20. Nf3 h6 21. Kf1 a5 22. Ne1 Nc5 23. Bf3 f5 24. exf5 exf5 25. Rxd8+ Rxd8
26. Rd1 Rxd1 27. Bxd1 Kd7 28. h4 Ke6 29. c3 g5 30. hxg5 hxg5 31. Ke2 Kf6 32.
Bc2 f4 33. g3 Ne6 34. Ng2 Bc5 35. a3 Ke5 1/2-1/2

[Event "Ct. Catalunya eq. DH"]
[Site "?"]
[Date "2011.04.02"]
[Round "10.7"]
[White "Duran Albareda, X."]
[Black "Perez Mañas, B."]
[Result "0-1"]
[WhiteElo "2320"]
[BlackElo "2347"]
[PlyCount "100"]
[EventDate "2011.??.??"]
[EventType "team"]

1. e4 c5 2. Nf3 Nc6 3. d3 g6 4. g3 Bg7 5. Bg2 e6 6. O-O Nge7 7. Re1 O-O 8. c3
d5 9. e5 h6 10. h4 Nf5 11. Bf4 b5 12. Nbd2 Rb8 13. Qe2 Ba6 14. a3 Qb6 15. g4
Nfe7 16. Nf1 d4 17. cxd4 cxd4 18. Qd2 Kh7 19. b4 Nd5 20. Bh2 Bb7 21. Ng3 Nc3
22. Rac1 Rbd8 23. Ne2 Nxe2+ 24. Qxe2 a5 25. bxa5 Nxa5 26. Nd2 Bxg2 27. Kxg2 Rd5
28. Ne4 Nc6 29. Nf6+ Bxf6 30. exf6 Ra8 31. Qe4 Rg8 32. Re2 Nb8 33. Rec2 Nd7 34.
Rc7 Qa6 35. R1c6 Qa8 36. Kh3 Qe8 37. h5 Nxf6 38. Qf4 Kg7 39. hxg6 Kxg6 40. Rb6
Rg5 41. f3 h5 42. Qxd4 hxg4+ 43. Kg2 gxf3+ 44. Kxf3 Nd5 45. Qe4+ Rf5+ 46. Ke2
Nxb6 47. Be5 Nd5 48. Rc1 f6 49. Bd4 Kf7 50. Qh4 Rh8 0-1

[Event "Ct. Catalunya eq. DH"]
[Site "?"]
[Date "2011.04.02"]
[Round "10.7"]
[White "Perpinya Rofes, LM."]
[Black "Bravo Barranco, N."]
[Result "1-0"]
[WhiteElo "2368"]
[BlackElo "2248"]
[PlyCount "61"]
[EventDate "2011.??.??"]
[EventType "team"]

1. e4 c6 2. d4 d5 3. e5 Bf5 4. Nf3 e6 5. Be2 Nd7 6. O-O Ne7 7. Nh4 Bg6 8. Nd2
c5 9. c3 Nc6 10. Nxg6 hxg6 11. Nf3 Be7 12. Be3 cxd4 13. cxd4 Qb6 14. Rb1 a5 15.
a3 Nf8 16. Qa4 Rc8 17. b4 axb4 18. axb4 Nh7 19. b5 Qa5 20. Qb3 Nb8 21. Ra1 Qd8
22. Bd2 O-O 23. Bb4 Bxb4 24. Qxb4 Ng5 25. Nxg5 Qxg5 26. Ra7 Rc2 27. f4 Qd8 28.
Bd3 Rc7 29. b6 Rc8 30. Rxb7 Nd7 31. Qb5 1-0

[Event "Ct. Catalunya eq. DH"]
[Site "?"]
[Date "2011.04.02"]
[Round "10.7"]
[White "Roig Grau, J."]
[Black "Montilla Carrillo, E."]
[Result "0-1"]
[WhiteElo "2255"]
[BlackElo "2341"]
[PlyCount "64"]
[EventDate "2011.??.??"]
[EventType "team"]

1. d4 d5 2. Nf3 c6 3. e3 Bf5 4. Bd3 Bxd3 5. Qxd3 Nf6 6. Nbd2 e6 7. e4 dxe4 8.
Nxe4 Be7 9. O-O Nbd7 10. c3 O-O 11. Nxf6+ Nxf6 12. Bg5 h6 13. Bh4 Nd5 14. Bxe7
Qxe7 15. Rfe1 Rfd8 16. Rad1 Qf6 17. Qe4 Rd6 18. Rd2 Rad8 19. Red1 Nf4 20. Qe5
Qxe5 21. Nxe5 f6 22. Nf3 Kf7 23. g3 Nd5 24. Kf1 Nb6 25. b3 Nd5 26. Rd3 g5 27.
h3 h5 28. Nd2 R6d7 29. Nc4 e5 30. Re1 exd4 31. cxd4 Nb4 32. Rde3 Nc2 0-1

[Event "Ct. Catalunya eq. DH"]
[Site "?"]
[Date "2011.04.02"]
[Round "10.8"]
[White "Bruned Segura, M."]
[Black "Ibañez Tarradellas, E."]
[Result "0-1"]
[WhiteElo "2159"]
[BlackElo "2273"]
[PlyCount "94"]
[EventDate "2011.??.??"]
[EventType "team"]

1. e4 d5 2. exd5 Qxd5 3. Nc3 Qa5 4. d4 Nf6 5. Bd3 Nc6 6. Nge2 Bg4 7. f3 Bh5 8.
Be3 O-O-O 9. Qd2 Bg6 10. O-O-O Nb4 11. Bxg6 Nxa2+ 12. Nxa2 Qxa2 13. Bf5+ e6 14.
Bxe6+ fxe6 15. Nc3 Qa1+ 16. Nb1 Nd5 17. Rhe1 Bb4 18. c3 Rd6 19. Qc2 Ra6 20. Rd3
Bd6 21. Kd1 Rc6 22. Bc1 Bxh2 23. Rd2 Bf4 24. Rde2 Nb4 25. cxb4 Rxc2 26. Kxc2
Bxc1 27. Kxc1 Rd8 28. Re3 Rxd4 29. Rc3 Rxb4 30. Re2 Qa6 31. Rce3 Kd7 32. Nc3
Qa1+ 33. Nb1 Rc4+ 34. Rc2 Rxc2+ 35. Kxc2 Qa6 36. Nc3 Qf1 37. Re2 c6 38. Kd2 b6
39. Nd1 h5 40. Ne3 Qb1 41. Nc4 b5 42. Ne5+ Kd6 43. Nd3 c5 44. Re1 Qa2 45. Kc2
c4 46. Nf4 e5 47. Rd1+ Kc6 0-1

[Event "Ct. Catalunya eq. DH"]
[Site "?"]
[Date "2011.04.02"]
[Round "10.8"]
[White "Lopez Agustench, E."]
[Black "Martin Canfran, I."]
[Result "1-0"]
[WhiteElo "2360"]
[BlackElo "2129"]
[PlyCount "47"]
[EventDate "2011.??.??"]
[EventType "team"]

1. d4 Nf6 2. Nf3 g6 3. c4 Bg7 4. Nc3 d6 5. h3 O-O 6. Bg5 c6 7. e3 Nbd7 8. Be2
e5 9. Rc1 Re8 10. O-O Qc7 11. Re1 h6 12. Bh4 Nh7 13. Bg3 f5 14. Bh2 Qd8 15.
dxe5 dxe5 16. Qd6 Qf6 17. Red1 Ng5 18. Nxg5 Qxg5 19. Qc7 Nf8 20. c5 Re7 21. Qd8
f4 22. Ne4 Qh4 23. g3 fxg3 24. Bxg3 1-0

[Event "Ct. Catalunya eq. DH"]
[Site "?"]
[Date "2011.04.02"]
[Round "10.8"]
[White "Randazzo, A."]
[Black "Rahal, M."]
[Result "1/2-1/2"]
[WhiteElo "2228"]
[BlackElo "2343"]
[PlyCount "40"]
[EventDate "2011.??.??"]
[EventType "team"]

1. e4 e6 2. d4 d5 3. Nd2 c5 4. exd5 exd5 5. Ngf3 c4 6. Be2 a6 7. O-O Bd6 8. Re1
Ne7 9. Nf1 O-O 10. b3 b5 11. a4 Bb7 12. axb5 axb5 13. Rxa8 Bxa8 14. Ng3 Nd7 15.
Bg5 f6 16. Bd2 Qc7 17. Bf1 Bb7 18. Qe2 Rf7 19. Ra1 Nf8 20. Qe1 g6 1/2-1/2